LEADER 00973nam a2200241 i 4500 001 000000206915 003 CaOOAMICUS 005 20111018000000.0 008 111018s1941 it u000 u ita u 013 $a185689 040 $aSeMil$bita 100 1 $aDel Castillo, Raffaele.$0(OLS)http://semarc/name/74328 245 13$aLa tradizione segreta /$cRaffaele Del Castillo. 260 $aMilano :$bValentino Bompiani,$ccopyr. 1941. 300 $a226 p. ;$c22 cm. 490 0 $aLibri scelti : panorama del nostro tempo ;$v66. 500 $aContiene : Bibliografia. 650 4$aSocietà segrete - Ed. ante 1945.$0(OLS)http://semarc/subject/38829 830 0$aLibri scelti ;$v66.$0(OLS)http://semarc/title/23497 850 $aSeMil 852 $aSeMil$W1$xVenegono$y1$m3U III 39$j157378$B157378$CSeMilBibl$Z2$F168678 $81 996 $6245$aLa tradizione segreta$9(OLS)http://semarc/title/299215 996 $6260$aMilano :$bValentino Bompiani$9(OLS)http://semarc/publisher/32383 LEADER 01086nam a2200277 i 4500 001 000000159335 003 CaOOAMICUS 005 20260120114724.0 008 070226s2006 it u000 u ita u 020 $a88-8025-564-9 040 $aSeMil$bita 110 2 $aChiesa Cattolica.$0(OLS)http://semarc/name/987 240 10$aLiturgia horarum.$0(OLS)http://semarc/title/457760 245 10$aAddende Liturgia ambrosiana delle Ore. 264 1$aMilano :$bCentro Ambrosiano,$c2006. 300 $a172 p. ;$c17 cm. 650 4$aLibri liturgici - Liturgia delle Ore - Rito ambrosiano.$0(OLS)http://semarc/subject/59246 850 $aSeMil 852 $aSeMil$W1$xVenegono$y1$m3KK I 31$j266350$B110893$CSeMilBibl$Z2$F120547 $81 910 2 $aSanta Sede. 961 $aOmaggio: Altro 996 $6020$a88-8025-564-9$9(OLS)http://semarc/number/74914 996 $6245$aAddende Liturgia ambrosiana delle Ore$9(OLS)http://semarc/title/141262 996 $6264$aMilano :$bCentro Ambrosiano$9(OLS)http://semarc/publisher/29766